Bilecik Bilecik Bilecik Bilecik Bilecik

Milli egemenlik 1988 : (Record no. 15834)

MARC details
000 -BAŞLIK
Sabit Uzunluktaki Kontrol Alanı 01401nam a22003737a 4500
001 - KONTROL NUMARASI
Control Dosyası 0015872
003 - KONTROL NUMARASI KİMLİĞİ
Kontrol Alanı KOHA_MİRAKIL
005 - EN SON İŞLEM TARİHİ ve ZAMANI
Kontrol Alanı 20260207002045.0
007 - FİZİKSEL TANIM SABİT ALAN - GENEL BİLGİ
Sabit uzunluklu kontrol alanı ta
008 - SABİT UZUNLUKTAKİ VERİ ÖGELERİ - GENEL BİLGİ
Sabit Alan 100401b1988 tu |||gr||||#0|||0|tur |
020 ## - ISBN - ULUSLARARASI STANDART KİTAP NUMARASI
Kullanılabilirlik koşulları 0,01
040 ## - KATALOGLAMA KAYNAĞI
Özgün Kataloglama Kurumu TR-BiSEU
Kataloglama Dili tur
Çeviri Kurumu TR-BiSEU
Açıklama Kuralları rda
041 0# - DİL KODU
Metin ya da ses kaydının dil kodu tur
044 ## - YAYINLAYAN/ÜRETEN KURULUŞUN ÜLKE KODU
ISO country code tu
050 ## - SINIFLAMA ve YER NUMARASI
Sınıflama Numarası DR401.2
Yer Numarası .M55 1988
111 2# - TOPLANTI ADI
Toplantı Adı Milli Egemenlik (1988)
9 (RLIN) 36851
245 1# - ESER ADI BİLDİRİMİ
Başlık Milli egemenlik 1988 :
Alt Eseradı vb. Sempozyum ve panellerde sunulan bildiriler.
264 #1 - ÜRERİM, YAYIN, DAĞITIM ve TELİF BİLDİRİMİ
Yayın yeri Ankara :
Yayınlayan TBMM Kültür, Sanat ve Yayın Kurulu
Yayın tarihi 1988
300 ## - FİZİKSEL TANIMLAMA
Sayfa, Cilt vb. 38 sayfa; 21 cm.
336 ## - İÇERİK TÜRÜ
Content type term metin
Content type code txt
Source rdacontent
337 ## - MEDYA TÜRÜ
Media type term aracısız
Media type code n
Source rdamedia
338 ## - TAŞIYICI TÜRÜ
Carrier type term cilt
Carrier type code nc
Source rdacarrier
490 1# - DİZİ BİLDİRİMİ
Dizi Bildirimi Türkiye Büyük Millet Meclisi Kültür, Sanat ve Yayın Kurulu yayınları ;
Cilt Numarası 42
500 ## - GENEL NOT
Genel Not Milli egemenlik ve Erzurum kongresi-Milli Eğitim ilişkileri I-Milli egemenlik ve Milli Eğitim ilişkileri II.
650 #0 - KONU BAŞLIĞI EK GİRİŞ - KONU TERİMİ
Konusal terim veya coğrafi ad Turkey--History--Revolution, 1918-1923--Congresses.
9 (RLIN) 17055
650 #0 - KONU BAŞLIĞI EK GİRİŞ - KONU TERİMİ
Konusal terim veya coğrafi ad Sovereignty--Congresses.
9 (RLIN) 14446
650 #0 - KONU BAŞLIĞI EK GİRİŞ - KONU TERİMİ
Konusal terim veya coğrafi ad Education--Turkey--History.
9 (RLIN) 13361
650 #0 - KONU BAŞLIĞI EK GİRİŞ - KONU TERİMİ
Konusal terim veya coğrafi ad Kurtuluş Savaşı, 1918-1923--Kongreler.
9 (RLIN) 36852
650 #0 - KONU BAŞLIĞI EK GİRİŞ - KONU TERİMİ
Konusal terim veya coğrafi ad Egemenlik--Kongreler.
9 (RLIN) 14444
650 #0 - KONU BAŞLIĞI EK GİRİŞ - KONU TERİMİ
Konusal terim veya coğrafi ad Eğitim--Türkiye--Tarih.
9 (RLIN) 13362
830 1# - SERİ EK GİRİŞİ - TEKBİÇİM ESER ADI
Tekbiçim Başlık Türkiye Büyük Millet Meclisi Kültür, Sanat ve Yayın Kurulu yayınları ;
Volume number/sequential designation 42
9 (RLIN) 36215
907 ## - LOCAL DATA ELEMENT G, LDG (RLIN)
a Tarih
942 ## - EK GİRİŞ ÖGELERİ (KOHA)
Source of classification or shelving scheme Library of Congress Classification
Koha item type Book
Holdings
Materyal Türü Kalıcı Konum Mevcut Konum Raf Yeri Sınıflandırma Kaynağı Edinim Bilgisi Ana Konular Alt Konular Yer Numarası Demirbaş Numarası Fatura Tarihi Geri Çekilme Durumu Kayıp Durumu Hasarlı Durumu Kredi için değil Kayıt Tarih Toplam Ödünçverme Son Görülme Tarihi Son Kontrol Tarihi Genel / Bağış Notu
Book Prof. Dr. Azmi Özcan Kütüphanesi Prof. Dr. Azmi Özcan Kütüphanesi Uluğbey Salonu Library of Congress Classification Bağış DÜNYA TARİHİ (AVRUPA, ASYA, AFRİKA VB.) Balkan Yarımadası DR401.2 .M55 1988 0015872 13/08/2010         01/04/2010   05/12/2024 05/12/2024 Genel Bağış